Ireland : Financial Sector Assessment Program-Technical Note on Financial Safety Nets and Crisis Management.

This Note assesses the bank recovery, resolution, and crisis preparedness regime in Ireland. It analyzes laws, policies, procedures, institutional capacity and coordination arrangements for bank failure resolution and for managing financial distress and crises. The assessment is focused on banks und...

Ful tanımlama

Detaylı Bibliyografya
Müşterek Yazar: International Monetary Fund. Monetary and Capital Markets Department
Materyal Türü: Dergi
Dil:English
Baskı/Yayın Bilgisi: Washington, D.C. : International Monetary Fund, 2022.
Seri Bilgileri:IMF Staff Country Reports; Country Report ; No. 2022/239
Konular:
Online Erişim:Full text available on IMF
LEADER 02078cas a2200289 a 4500
001 AALejournalIMF023005
008 230101c9999 xx r poo 0 0eng d
020 |c 20.00 USD 
020 |z 9798400216114 
022 |a 1934-7685 
040 |a BD-DhAAL  |c BD-DhAAL 
110 2 |a International Monetary Fund.  |b Monetary and Capital Markets Department. 
245 1 0 |a Ireland :   |b Financial Sector Assessment Program-Technical Note on Financial Safety Nets and Crisis Management. 
264 1 |a Washington, D.C. :  |b International Monetary Fund,  |c 2022. 
300 |a 1 online resource (46 pages) 
490 1 |a IMF Staff Country Reports 
500 |a <strong>Off-Campus Access:</strong> No User ID or Password Required 
500 |a <strong>On-Campus Access:</strong> No User ID or Password Required 
506 |a Electronic access restricted to authorized BRAC University faculty, staff and students 
520 3 |a This Note assesses the bank recovery, resolution, and crisis preparedness regime in Ireland. It analyzes laws, policies, procedures, institutional capacity and coordination arrangements for bank failure resolution and for managing financial distress and crises. The assessment is focused on banks under the direct remit of the Central Bank of Ireland and does not evaluate the role played by the European Central Bank and the Single Resolution Board for Ireland's largest banks. The Note also assesses steps toward adopting a recovery and resolution regime for insurers. The Note is guided by international standards, in particular the Key Attributes of Effective Resolution Regimes for Financial Institutions promulgated by the Financial Stability Board. 
538 |a Mode of access: Internet 
650 7 |a International Agreements and Observance  |2 imf 
650 7 |a International Organizations  |2 imf 
650 7 |a Monetary Policy  |2 imf 
651 7 |a Ireland  |2 imf 
830 0 |a IMF Staff Country Reports; Country Report ;  |v No. 2022/239 
856 4 0 |z Full text available on IMF  |u https://elibrary.imf.org/openurl?genre=journal&issn=1934-7685&volume=2022&issue=239  |z IMF e-Library